[Event "Barcelona Primavera CE op"]
[Site "Barcelona"]
[Date "2021.05.01"]
[Round "2"]
[White "Cort Hidalgo, Jordi"]
[Black "Gilibert Casals, Arnau"]
[Result "0-1"]
[WhiteElo "1585"]
[BlackElo "1700"]
[PlyCount "102"]
[EventDate "2021.04.24"]
[EventType "swiss"]
[EventRounds "9"]
[EventCountry "ESP"]
[SourceTitle "EXT 2022"]
[Source "ChessBase"]
[SourceDate "2021.10.06"]
[SourceVersion "1"]
[SourceVersionDate "2021.10.06"]
[SourceQuality "1"]

1. e4 c5 2. Nf3 Nc6 3. d4 cxd4 4. c3 dxc3 5. Nxc3 e5 6. Bc4 h6 7. 0-0 Nf6 8. h3 Bb4 9. Nd5 d6 10. Nxb4 Nxb4 11. Bxf7+ Kxf7 12. Qb3+ Nbd5 13. exd5 b6 14. Be3 Bb7 15. Rfd1 Rc8 16. Qa3 a5 17. Qb3 Nd7 18. Qd3 Nf6 19. Qb5 Nd7 20. Nd2 Ke7 21. Nc4 Rf8 22. Nxb6 Nxb6 23. Bxb6 Qd7 24. Qxd7+ Kxd7 25. Rac1 Rxc1 26. Rxc1 Bxd5 27. Bxa5 Bxa2 28. Rc7+ Ke6 29. Rxg7 Rf7 30. Rg8 Rh7 31. f3 d5 32. Rg6+ Kf5 33. Rc6 h5 34. b4 Bc4 35. Rc5 Ke6 36. b5 Rb7 37. b6 Ba6 38. g4 d4 39. gxh5 d3 40. h6 d2 41. Bxd2 Rxb6 42. Bc3 Rb1+ 43. Kg2 Bd3 44. Rxe5+ Kf7 45. h7 Bxh7 46. Kg3 Rb3 47. Bd2 Kf6 48. Rh5 Be4 49. Bg5+ Kf7 50. Kf4 Bxf3 51. h4 Bxh5 0-1